[Event "UZB-ch"]
[Site "Tashkent"]
[Date "2024.04.27"]
[Round "15"]
[White "Nigmatov, Ortik"]
[Black "Vakhidov, Jahongir"]
[Result "0-1"]
[WhiteElo "2430"]
[BlackElo "2599"]
[PlyCount "106"]
[EventDate "2024.04.20"]
[EventType "tourn (rapid)"]
[EventRounds "23"]
[EventCountry "UZB"]
[EventCategory "5"]
[SourceTitle "CB18_2024"]
[SourceDate "2024.05.01"]
[SourceVersion "1"]
[SourceVersionDate "2024.05.01"]
[SourceQuality "2"]

1. e4 d5 2. exd5 Qxd5 3. Nc3 Qd6 4. d4 Nf6 5. Nf3 g6 6. Be2 Bg7 7. Nb5 Qb6 8. c4 c6 9. Nc3 Bg4 10. 0-0 0-0 11. Na4 Qc7 12. Be3 Nbd7 13. h3 Bxf3 14. Bxf3 Rad8 15. Qb3 e5 16. dxe5 Nxe5 17. Be2 b6 18. Rad1 Ne4 19. Rxd8 Rxd8 20. Rd1 Re8 21. Qc2 f5 22. c5 b5 23. Nc3 Nxc3 24. bxc3 Qf7 25. Bf4 Bf8 26. Bxe5 Rxe5 27. Bf3 Rxc5 28. Rd8 b4 29. Qa4 bxc3 30. Bd1 Rc4 31. Qb3 Kg7 32. Bc2 Rc5 33. Qb4 Be7 34. Rd7 Qe6 35. Rxa7 Kh6 36. g3 Re5 37. Qxc3 Re1+ 38. Kg2 Qd5+ 39. Qf3 Rg1+ 40. Kxg1 Qxf3 41. Rxe7 f4 42. gxf4 Qxh3 43. Re4 Qg4+ 44. Kf1 Qf3 45. Rc4 Kg7 46. a4 h5 47. a5 Qd5 48. Ra4 h4 49. Kg1 h3 50. Re4 Qd2 51. Rc4 Qe1+ 52. Kh2 Qxf2+ 53. Kxh3 Qf1+ 0-1

[Event "UZB-ch"]
[Site "Tashkent"]
[Date "2024.04.26"]
[Round "13"]
[White "Abdukhakimov, Akbarali"]
[Black "Vakhidov, Jahongir"]
[Result "0-1"]
[WhiteElo "2333"]
[BlackElo "2599"]
[PlyCount "82"]
[EventDate "2024.04.20"]
[EventType "tourn (rapid)"]
[EventRounds "23"]
[EventCountry "UZB"]
[EventCategory "5"]
[SourceTitle "CB18_2024"]
[SourceDate "2024.05.01"]
[SourceVersion "1"]
[SourceVersionDate "2024.05.01"]
[SourceQuality "2"]

1. d4 Nf6 2. c4 d6 3. Nc3 e5 4. Nf3 e4 5. Nd2 Bf5 6. e3 c6 7. b4 a5 8. b5 Be7 9. f3 exf3 10. Qxf3 Bg6 11. Be2 0-0 12. 0-0 d5 13. c5 b6 14. cxb6 Qxb6 15. Bb2 Nbd7 16. Rac1 a4 17. Qh3 Rfd8 18. Ba1 Ba3 19. Rce1 Bb4 20. bxc6 Qxc6 21. Rc1 Ba3 22. Rce1 Rdb8 23. Qg3 Bb2 24. Bxb2 Rxb2 25. Ndb1 Rab8 26. Rc1 Qe6 27. Rfe1 h5 28. a3 R8b3 29. Bf1 Kh7 30. Qf3 Ne4 31. Nxe4 Qxe4 32. Qxe4 Bxe4 33. Nc3 Rxa3 34. Bb5 Rxc3 35. Rxc3 Rxb5 36. Rc7 Nf6 37. Rxf7 Rb2 38. Ra1 Ng4 39. Rxa4 Rxg2+ 40. Kf1 Nxe3+ 41. Ke1 Bd3 0-1

[Event "UZB-ch"]
[Site "Tashkent"]
[Date "2024.04.20"]
[Round "1"]
[White "Abdurakhmanov, Mukhmmadali"]
[Black "Vakhidov, Jahongir"]
[Result "1/2-1/2"]
[WhiteElo "2405"]
[BlackElo "2599"]
[PlyCount "34"]
[EventDate "2024.04.20"]
[EventType "tourn (rapid)"]
[EventRounds "23"]
[EventCountry "UZB"]
[EventCategory "5"]
[SourceTitle "CB18_2024"]
[SourceDate "2024.05.01"]
[SourceVersion "1"]
[SourceVersionDate "2024.05.01"]
[SourceQuality "2"]

1. d4 Nf6 2. Bg5 d5 3. e3 c5 4. Bxf6 gxf6 5. dxc5 e6 6. a3 Bxc5 7. Nd2 Nc6 8. Ngf3 Be7 9. c4 0-0 10. cxd5 Qxd5 11. Bc4 Qa5 12. 0-0 Rd8 13. Qe2 Bd7 14. Rfd1 Be8 15. Nb3 Qh5 16. Rxd8 Rxd8 17. Rd1 Rxd1+ 1/2-1/2

[Event "UZB-ch"]
[Site "Tashkent"]
[Date "2024.04.20"]
[Round "2"]
[White "Vakhidov, Jahongir"]
[Black "Vokhidov, Shamsiddin"]
[Result "1/2-1/2"]
[WhiteElo "2599"]
[BlackElo "2591"]
[PlyCount "172"]
[EventDate "2024.04.20"]
[EventType "tourn (rapid)"]
[EventRounds "23"]
[EventCountry "UZB"]
[EventCategory "5"]
[SourceTitle "CB18_2024"]
[SourceDate "2024.05.01"]
[SourceVersion "1"]
[SourceVersionDate "2024.05.01"]
[SourceQuality "2"]

1. c4 Nf6 2. Nc3 e5 3. Nf3 Nc6 4. g3 Bb4 5. Bg2 0-0 6. 0-0 Bxc3 7. bxc3 Re8 8. d3 e4 9. Nd4 h6 10. Qc2 exd3 11. exd3 Nxd4 12. cxd4 d5 13. Rb1 c6 14. c5 Nh7 15. Bf4 Ng5 16. Bxg5 Qxg5 17. Qc3 Re7 18. Rfe1 Bf5 19. f4 Qf6 20. Re5 Rxe5 21. dxe5 Qe7 22. Rb2 Qc7 23. d4 Rd8 24. h3 Be4 25. Qb4 Rb8 26. a4 b5 27. Bxe4 dxe4 28. d5 cxd5 29. axb5 Rc8 30. c6 Qb6+ 31. Kg2 a6 32. Qd6 Qd4 33. Qb4 Qd3 34. e6 Qxb5 35. Qxb5 axb5 36. e7 f6 37. Rxb5 Kf7 38. Rxd5 Rxc6 39. Rd7 Ke8 40. Ra7 f5 41. g4 Rg6 42. Kg3 h5 43. g5 Re6 44. Kf2 Rxe7 45. Ra5 g6 46. Ra6 Kf7 47. Ke3 Rd7 48. Ke2 h4 49. Ra3 Rb7 50. Ke3 Rb6 51. Ra7+ Ke6 52. Rg7 Kd5 53. Rd7+ Kc5 54. Rc7+ Rc6 55. Rh7 Ra6 56. Rc7+ Kb4 57. Rb7+ Kc3 58. Rc7+ Kb2 59. Ke2 Rb6 60. Rh7 Kc3 61. Rc7+ Kb4 62. Re7 Ra6 63. Rd7 Kc5 64. Rc7+ Rc6 65. Rh7 Kd5 66. Rd7+ Ke6 67. Rg7 Rc2+ 68. Ke3 Rc3+ 69. Ke2 Rf3 70. Rxg6+ Ke7 71. Rh6 Rxf4 72. Rh7+ Ke6 73. Rh8 Kf7 74. Rh6 Rf3 75. Rf6+ Kg7 76. Ke1 Kh7 77. Ke2 Kg8 78. Rg6+ Kf7 79. Rh6 Kg7 80. Rf6 f4 81. Re6 Re3+ 82. Kf2 Kh7 83. Rh6+ Kg7 84. Re6 Kg8 85. Rg6+ Kh7 86. Rh6+ Kg7 1/2-1/2

[Event "Wch Blitz"]
[Site "Samarkand"]
[Date "2023.12.30"]
[Round "21"]
[White "Vakhidov, Jahongir"]
[Black "Kosakowski, Jakub"]
[Result "1/2-1/2"]
[WhiteElo "2599"]
[BlackElo "2479"]
[PlyCount "134"]
[EventDate "2023.12.29"]
[EventType "swiss (blitz)"]
[EventRounds "21"]
[EventCountry "UZB"]
[SourceTitle "CB01_2024"]
[SourceDate "2024.01.03"]
[SourceVersion "1"]
[SourceVersionDate "2024.01.03"]
[SourceQuality "1"]

1. c4 e5 2. Nc3 Bb4 3. Nd5 Be7 4. Nf3 d6 5. g3 c6 6. Nxe7 Qxe7 7. Bg2 Nf6 8. 0-0 0-0 9. b3 e4 10. Nd4 Qe5 11. e3 c5 12. Nc2 Bg4 13. f3 exf3 14. Bxf3 Bxf3 15. Qxf3 Nc6 16. Rb1 Qe4 17. Qxe4 Nxe4 18. Rd1 Ne5 19. Ne1 Rae8 20. Bb2 f5 21. Kg2 g5 22. d3 Nf6 23. Nc2 f4 24. Bxe5 Rxe5 25. e4 fxg3 26. hxg3 Ng4 27. Rf1 Ree8 28. Rxf8+ Rxf8 29. Rf1 Rxf1 30. Kxf1 Kg7 31. Ke2 Kf6 32. d4 cxd4 33. Nxd4 a6 34. Nf3 h5 35. b4 Ne5 36. Nd2 h4 37. gxh4 gxh4 38. a3 h3 39. Kf2 h2 40. Kg2 Ng4 41. c5 dxc5 42. bxc5 Ke5 43. Nc4+ Kxe4 44. Nd6+ Kd5 45. Nxb7 Kc6 46. Na5+ Kxc5 47. Nb7+ Kd5 48. Na5 Kc5 49. Nb7+ Kb5 50. Kh1 Nf6 51. Nd6+ Ka4 52. Kxh2 Kxa3 53. Kg2 Kb4 54. Nb7 Ne4 55. Kf3 Nf6 56. Ke2 Ne8 57. Kd2 Kb5 58. Kc3 Kb6 59. Nd8 Nc7 60. Nf7 Nb5+ 61. Kb2 Kc5 62. Ne5 a5 63. Nd3+ Kc4 64. Ne5+ Kd5 65. Nd3 a4 66. Nb4+ Kc4 67. Nc2 a3+ 1/2-1/2

[Event "Wch Blitz"]
[Site "Samarkand"]
[Date "2023.12.29"]
[Round "7"]
[White "Rakhmatullaev, Almas"]
[Black "Vakhidov, Jahongir"]
[Result "1/2-1/2"]
[WhiteElo "2383"]
[BlackElo "2599"]
[PlyCount "124"]
[EventDate "2023.12.29"]
[EventType "swiss (blitz)"]
[EventRounds "21"]
[EventCountry "UZB"]
[SourceTitle "CB01_2024"]
[SourceDate "2024.01.03"]
[SourceVersion "1"]
[SourceVersionDate "2024.01.03"]
[SourceQuality "1"]

1. e4 c5 2. Nf3 Nc6 3. Bb5 g6 4. Bxc6 bxc6 5. 0-0 Bg7 6. c3 Nf6 7. Re1 0-0 8. h3 d6 9. d4 cxd4 10. cxd4 Bb7 11. Nc3 Nd7 12. Bg5 c5 13. Rc1 Re8 14. Be3 Rc8 15. dxc5 Nxc5 16. Bd4 Bh6 17. Rc2 a5 18. Be3 Bxe3 19. Rxe3 Qb6 20. Rd2 Nd7 21. Qe1 Nf6 22. e5 dxe5 23. Nxe5 e6 24. Red3 Ba8 25. Kh2 Qb8 26. f4 Bd5 27. Qh4 Kg7 28. Rg3 Qb7 29. Qg5 Qe7 30. Rgd3 h6 31. Qh4 Red8 32. g4 Ng8 33. Qg3 Nf6 34. Qf2 Ne4 35. Nxe4 Bxe4 36. Rd7 Rxd7 37. Rxd7 Qxd7 38. Nxd7 Rc2 39. Qxc2 Bxc2 40. g5 hxg5 41. fxg5 Ba4 42. Nc5 Bc6 43. Kg3 e5 44. Nd3 f6 45. h4 Kf7 46. gxf6 Kxf6 47. Kg4 Bd5 48. a3 Be6+ 49. Kg3 Kf5 50. b4 axb4 51. axb4 Bd5 52. b5 e4 53. Nc5 Ke5 54. b6 Kd6 55. b7 Kc7 56. Kf4 Bxb7 57. Nxb7 Kxb7 58. Kxe4 Kc7 59. Ke5 Kd8 60. Kf6 Ke8 61. Kg7 Ke7 62. Kxg6 Kf8 1/2-1/2

[Event "Wch Blitz"]
[Site "Samarkand"]
[Date "2023.12.29"]
[Round "8"]
[White "Vakhidov, Jahongir"]
[Black "Caruana, Fabiano"]
[Result "1/2-1/2"]
[WhiteElo "2599"]
[BlackElo "2794"]
[PlyCount "101"]
[EventDate "2023.12.29"]
[EventType "swiss (blitz)"]
[EventRounds "21"]
[EventCountry "UZB"]
[SourceTitle "CB01_2024"]
[SourceDate "2024.01.03"]
[SourceVersion "1"]
[SourceVersionDate "2024.01.03"]
[SourceQuality "1"]

1. c4 e5 2. Nc3 Bb4 3. Nd5 Be7 4. Nf3 d6 5. g3 c6 6. Nxe7 Nxe7 7. Bg2 0-0 8. 0-0 c5 9. b3 Nbc6 10. Bb2 h6 11. e3 Bg4 12. h3 Bh5 13. g4 Bg6 14. d4 f6 15. Nh4 Bh7 16. Qd2 Qe8 17. d5 Nb8 18. f4 g5 19. Nf3 Nd7 20. f5 h5 21. e4 Kh8 22. Ne1 Qf7 23. Bf3 h4 24. Nd3 Rfc8 25. Rfc1 Bg8 26. a3 Qe8 27. Be2 Bf7 28. Ne1 Qg8 29. Nf3 Be8 30. Bc3 a6 31. a4 b6 32. a5 b5 33. cxb5 axb5 34. Bxb5 Nb8 35. Bc4 Na6 36. Nxh4 Qh7 37. Nf3 Qxh3 38. Qh2 Qxh2+ 39. Kxh2 Rcb8 40. Ne1 Bb5 41. Nd3 Kg7 42. Kg3 Nc8 43. Rab1 Na7 44. Ba1 Nc8 45. b4 Bxc4 46. Rxc4 Nxb4 47. Nxb4 Rxa5 48. Bc3 Ra3 49. Kf2 Nb6 50. Nc2 Ra2 51. Bd2 1/2-1/2

[Event "Wch Blitz"]
[Site "Samarkand"]
[Date "2023.12.29"]
[Round "6"]
[White "Vakhidov, Jahongir"]
[Black "Nasuta, Grzegorz"]
[Result "1-0"]
[WhiteElo "2599"]
[BlackElo "2579"]
[PlyCount "144"]
[EventDate "2023.12.29"]
[EventType "swiss (blitz)"]
[EventRounds "21"]
[EventCountry "UZB"]
[SourceTitle "CB01_2024"]
[SourceDate "2024.01.03"]
[SourceVersion "1"]
[SourceVersionDate "2024.01.03"]
[SourceQuality "1"]

1. c4 c6 2. d4 d5 3. Nc3 Nf6 4. cxd5 cxd5 5. Bf4 Nc6 6. e3 Bg4 7. f3 Bd7 8. g4 e6 9. Bd3 Be7 10. Nge2 0-0 11. Kf2 Ne8 12. h4 Bxh4+ 13. Kg2 h6 14. Rh3 Nb4 15. Bb1 Bg5 16. Qh1 f5 17. gxf5 exf5 18. a3 Nc6 19. Nxd5 Be6 20. Ndc3 Bc4 21. Rh5 Bxf4 22. Nxf4 Nd6 23. d5 Ne5 24. Ne6 Qf6 25. Nxf8 Rxf8 26. Qh4 Qg6+ 27. Kf2 Bb3 28. Qh2 Re8 29. Rh4 Nec4 30. Qg3 Qf6 31. e4 Qd4+ 32. Kg2 Ne3+ 33. Kh3 Qf6 34. Bd3 g5 35. f4 Kf7 36. fxg5 hxg5 37. Rh5 Kg6 38. Rxg5+ Qxg5 39. Qxd6+ Kh7 40. Qg3 Qh6+ 41. Qh4 Qxh4+ 42. Kxh4 fxe4 43. Nxe4 Kh6 44. Nd6 Re7 45. Re1 Bxd5 46. Rxe3 Rd7 47. Nf5+ Kg6 48. Ne7+ Kf6 49. Nxd5+ Rxd5 50. Kg3 Rg5+ 51. Kf2 Rh5 52. Be4 b6 53. Bf3 Rc5 54. Rc3 Rb5 55. b3 Ra5 56. b4 Rg5 57. Ke3 a5 58. Rc6+ Ke7 59. Rxb6 axb4 60. axb4 Kd7 61. b5 Kc7 62. Rc6+ Kb8 63. Be2 Kb7 64. Bd3 Rg4 65. Rf6 Rb4 66. Kd2 Rb3 67. Kc2 Rb4 68. Kc3 Rh4 69. Bc4 Rh5 70. Kb4 Rh2 71. Bd5+ Kb8 72. b6 Rh8 1-0

[Event "Wch Rapid"]
[Site "Samarkand"]
[Date "2023.12.28"]
[Round "13"]
[White "Vakhidov, Jahongir"]
[Black "Sindarov, Javokhir"]
[Result "1/2-1/2"]
[WhiteElo "2599"]
[BlackElo "2701"]
[PlyCount "62"]
[EventDate "2023.12.26"]
[EventType "swiss (rapid)"]
[EventRounds "13"]
[EventCountry "UZB"]
[SourceTitle "CB01_2024"]
[SourceDate "2024.01.03"]
[SourceVersion "1"]
[SourceVersionDate "2024.01.03"]
[SourceQuality "1"]

1. c4 g6 2. Nc3 Bg7 3. Nf3 Nf6 4. g3 b6 5. d4 Bb7 6. Bg2 Ne4 7. Nxe4 Bxe4 8. 0-0 0-0 9. Be3 d5 10. Qc1 Nc6 11. Rd1 Nb4 12. Ne1 Bxg2 13. Nxg2 Rc8 14. a3 Nc6 15. b4 e6 16. cxd5 Qxd5 17. Nf4 Qd6 18. d5 exd5 19. Nxd5 Rcd8 20. Rb1 Nd4 21. Bxd4 Qxd5 22. Bxg7 Qxd1+ 23. Qxd1 Rxd1+ 24. Rxd1 Kxg7 25. Rc1 Rc8 26. Rc6 Kf8 27. Kf1 Ke7 28. Ke1 Kd7 29. Rf6 Ke7 30. Rc6 Kd7 31. Rf6 Ke7 1/2-1/2

[Event "Wch Rapid"]
[Site "Samarkand"]
[Date "2023.12.27"]
[Round "9"]
[White "Nihal, Sarin"]
[Black "Vakhidov, Jahongir"]
[Result "1/2-1/2"]
[WhiteElo "2688"]
[BlackElo "2599"]
[PlyCount "115"]
[EventDate "2023.12.26"]
[EventType "swiss (rapid)"]
[EventRounds "13"]
[EventCountry "UZB"]
[SourceTitle "CB01_2024"]
[SourceDate "2024.01.03"]
[SourceVersion "1"]
[SourceVersionDate "2024.01.03"]
[SourceQuality "1"]

1. d4 Nf6 2. Nf3 g6 3. Nc3 d5 4. Bf4 Bg7 5. Nb5 Na6 6. e3 0-0 7. h3 c6 8. Na3 Qb6 9. Qc1 Bf5 10. Be2 Be4 11. 0-0 Bxf3 12. Bxf3 Nd7 13. c3 e5 14. Bh2 Rfe8 15. Rb1 Nc7 16. b4 exd4 17. cxd4 Rac8 18. Nc2 Ne6 19. Ne1 Qd8 20. Nd3 Ng5 21. Bd1 Ne4 22. Nc5 Ndxc5 23. bxc5 b5 24. cxb6 axb6 25. Bg4 f5 26. Be2 c5 27. Ba6 Ra8 28. Bb5 Re6 29. f3 Nf6 30. dxc5 Bh6 31. Re1 bxc5 32. Qxc5 Rxa2 33. Bc6 Bf8 34. Qc3 Qa5 35. Qxa5 Rxa5 36. Rb5 Rxb5 37. Bxb5 Bc5 38. Kf2 g5 39. g3 g4 40. Bd3 Re5 41. Re2 h5 42. Bg1 gxh3 43. Bh2 d4 44. exd4 Bxd4+ 45. Kf1 Rc5 46. Rc2 Ra5 47. Ra2 Rxa2 48. Bc4+ Kg7 49. Bxa2 Be5 50. Kg1 Nh7 51. Bb1 Ng5 52. Bxf5 Nxf3+ 53. Kh1 Ng5 54. Bg1 Kf6 55. Bc8 Ne4 56. Bxh3 Nxg3+ 57. Kg2 Ne2 58. Be3 1/2-1/2

[Event "Wch Rapid"]
[Site "Samarkand"]
[Date "2023.12.26"]
[Round "3"]
[White "Vakhidov, Jahongir"]
[Black "Sapenov, Daniyal"]
[Result "1-0"]
[WhiteElo "2599"]
[BlackElo "2350"]
[PlyCount "146"]
[EventDate "2023.12.26"]
[EventType "swiss (rapid)"]
[EventRounds "13"]
[EventCountry "UZB"]
[SourceTitle "CB01_2024"]
[SourceDate "2024.01.03"]
[SourceVersion "1"]
[SourceVersionDate "2024.01.03"]
[SourceQuality "1"]

1. c4 e5 2. Nc3 Nf6 3. Nf3 e4 4. Ng5 c6 5. Ngxe4 Nxe4 6. Nxe4 d5 7. cxd5 cxd5 8. Ng3 h5 9. e3 h4 10. Ne2 Nc6 11. d4 Bd6 12. Nc3 Qf6 13. f3 Be6 14. Bd3 0-0-0 15. f4 Bc7 16. Qf3 Kb8 17. Bd2 Bf5 18. Bxf5 Qxf5 19. 0-0 Ba5 20. Rac1 h3 21. g3 Rhe8 22. a3 Qd3 23. Rcd1 Qc2 24. b4 Bb6 25. Qf2 f5 26. Rc1 Qb3 27. Nb1 Qd3 28. Rc3 Qb5 29. Re1 Re7 30. Qf1 Nxd4 31. exd4 Bxd4+ 32. Rce3 Qc6 33. b5 Qb6 34. Qd3 Bxe3+ 35. Rxe3 Rxe3 36. Bxe3 d4 37. Bf2 Qc5 38. Nd2 Qc1+ 39. Nf1 g6 40. Bxd4 Ka8 41. Qc3 Qd1 42. Bf2 Qd5 43. Ne3 Qf3 44. Qe1 Rd3 45. Qc1 Kb8 46. Qa1 Rd8 47. Qf1 Rd7 48. Qxh3 b6 49. Qh8+ Kb7 50. Qc3 Rc7 51. Qd2 Rc5 52. a4 Kc7 53. Nf1 Rc4 54. a5 Qe4 55. axb6+ axb6 56. Qa2 Rc2 57. Qa7+ Kc8 58. Qxb6 Rc1 59. Qa6+ Kd7 60. b6 Rb1 61. h4 Ke7 62. Qa3+ Kf7 63. Qa2+ Kg7 64. Qd2 Kh7 65. Qd7+ Kg8 66. Qd8+ Kh7 67. Bd4 Rxf1+ 68. Kxf1 Qd3+ 69. Ke1 Qxg3+ 70. Ke2 Qg4+ 71. Kd3 Qd1+ 72. Kc4 Qc2+ 73. Kd5 Qe4+ 1-0

[Event "Qatar Masters op"]
[Site "Doha"]
[Date "2023.10.18"]
[Round "7"]
[White "Prraneeth, Vuppala"]
[Black "Vakhidov, Jahongir"]
[Result "0-1"]
[WhiteElo "2510"]
[BlackElo "2607"]
[PlyCount "80"]
[EventDate "2023.10.11"]
[EventType "swiss"]
[EventRounds "9"]
[EventCountry "QAT"]
[SourceTitle "Mega2024 Update 01"]
[Source "Chessbase"]
[SourceDate "2023.11.12"]
[SourceVersion "1"]
[SourceVersionDate "2023.11.12"]
[SourceQuality "1"]

1. d4 Nf6 2. c4 g6 3. Nc3 Bg7 4. e4 d6 5. Be2 0-0 6. h4 h5 7. Nf3 Bg4 8. Be3 c5 9. d5 Nbd7 10. Qd2 e6 11. dxe6 Bxe6 12. Ng5 Ne5 13. Bf4 Qe7 14. 0-0 Rad8 15. b3 Bd7 16. Rad1 Bc6 17. Rfe1 a6 18. Nd5 Nxd5 19. exd5 Bd7 20. Bd3 Rfe8 21. Bxe5 dxe5 22. Bc2 b6 23. d6 Qf6 24. Be4 Bh6 25. Bd5 Kg7 26. Qc3 Bxg5 27. hxg5 Qxg5 28. f4 Qxf4 29. Rf1 Qg5 30. Bxf7 Rf8 31. Rde1 Bc6 32. Rf2 Rxd6 33. Rxe5 Rd1+ 34. Re1+ Rd4 35. Ref1 Kh6 36. Qb2 Rxf7 37. Rxf7 Bxg2 38. Qc1 Bxf1+ 39. Qxg5+ Kxg5 40. Rxf1 Rd2 0-1

[Event "Qatar Masters op"]
[Site "Doha"]
[Date "2023.10.13"]
[Round "3"]
[White "Kevlishvili, Robby"]
[Black "Vakhidov, Jahongir"]
[Result "1-0"]
[WhiteElo "2521"]
[BlackElo "2607"]
[PlyCount "129"]
[EventDate "2023.10.11"]
[EventType "swiss"]
[EventRounds "9"]
[EventCountry "QAT"]
[SourceTitle "Mega2024 Update 01"]
[Source "Chessbase"]
[SourceDate "2023.11.12"]
[SourceVersion "1"]
[SourceVersionDate "2023.11.12"]
[SourceQuality "1"]

1. e4 e5 2. Nf3 Nc6 3. Bb5 a6 4. Ba4 Nf6 5. d3 Bc5 6. c3 b5 7. Bc2 0-0 8. 0-0 d6 9. a4 Ba7 10. h3 Bd7 11. Re1 Re8 12. Nbd2 Ne7 13. Nf1 Ng6 14. Ng3 h6 15. d4 c5 16. Nf5 exd4 17. cxd4 Bxf5 18. exf5 Rxe1+ 19. Qxe1 Ne7 20. dxc5 dxc5 21. axb5 axb5 22. Qa5 Qb8 23. Be3 Nc6 24. Qa3 Qb7 25. Bxc5 Rc8 26. Bxa7 Nxa7 27. Qxa7 Qxa7 28. Rxa7 Rxc2 29. Ne5 Rxb2 30. Ra8+ Kh7 31. Nxf7 g6 32. Ra6 Ne4 33. fxg6+ Kg7 34. Nd6 Nf6 35. Nf5+ Kxg6 36. Nxh6 Kg7 37. Ng4 Nd5 38. h4 Rb4 39. f3 Nf4 40. Ne3 Rb2 41. Kh2 Rb4 42. Rd6 Kf7 43. Nd5 Nxd5 44. Rxd5 Rxh4+ 45. Kg3 Rb4 46. f4 Rb2 47. Kf3 b4 48. g4 Ke6 49. Rb5 Rb1 50. g5 b3 51. Rb6+ Kd5 52. Kg4 Ke4 53. Rb4+ Kd3 54. Kf5 Kc3 55. Rb8 b2 56. Kg6 Ra1 57. f5 Ra8 58. Rb5 Rg8+ 59. Kh6 Rh8+ 60. Kg7 Rh5 61. Kg6 Rh8 62. f6 Rg8+ 63. Kh6 Rh8+ 64. Kg7 Rh5 65. f7 1-0

[Event "Asian Games tt"]
[Site "Hangzhou"]
[Date "2023.09.29"]
[Round "1.15"]
[White "Sezdbekov, Ruslan"]
[Black "Vakhidov, Jahongir"]
[Result "1/2-1/2"]
[WhiteElo "2261"]
[BlackElo "2607"]
[PlyCount "121"]
[EventDate "2023.09.29"]
[EventType "team-tourn"]
[EventRounds "9"]
[EventCountry "CHN"]
[SourceTitle "EXT 2024"]
[Source "ChessBase"]
[SourceDate "2023.10.10"]
[SourceVersion "1"]
[SourceVersionDate "2023.10.10"]
[SourceQuality "1"]
[WhiteTeam "Kyrgyzstan"]
[BlackTeam "Uzbekistan"]
[WhiteTeamCountry "KGZ"]
[BlackTeamCountry "UZB"]

1. e4 c5 2. Nf3 d6 3. Bb5+ Nd7 4. 0-0 a6 5. Bxd7+ Bxd7 6. d4 cxd4 7. Qxd4 Rc8 8. Nc3 e5 9. Qd3 h6 10. Be3 Nf6 11. a4 Be7 12. a5 0-0 13. Nd2 Qc7 14. Rfd1 Be6 15. Nf1 Qc6 16. Bb6 Nd7 17. Ne3 Nxb6 18. axb6 Rfe8 19. Nf5 Bf8 20. Qg3 g6 21. h4 Kh7 22. Ne3 Qxb6 23. Ncd5 Qd8 24. Ra3 h5 25. Rb3 b5 26. Ra1 Bh6 27. Rxa6 Bxe3 28. fxe3 Bxd5 29. exd5 Rxc2 30. Rxb5 Qf6 31. Rb7 Re7 32. Raa7 Rxb7 33. Rxb7 Kg7 34. b4 Rc1+ 35. Kh2 Rc4 36. Kg1 Rxh4 37. Qf3 Rc4 38. b5 Rc1+ 39. Kh2 Qh4+ 40. Qh3 Qxh3+ 41. gxh3 Re1 42. b6 Re2+ 43. Kg1 Rb2 44. h4 Kf6 45. Kf1 e4 46. Ke1 Ke5 47. Rxf7 Rxb6 48. Rg7 Kxd5 49. Rxg6 Kc4 50. Kd2 Ra6 51. Kc2 Ra2+ 52. Kd1 d5 53. Rg5 Rh2 54. Rxh5 d4 55. Ra5 Kb4 56. Rd5 dxe3 57. h5 Kc4 58. Rd8 Kc5 59. h6 Rxh6 60. Ke2 Rh3 61. Rd7 1/2-1/2

[Event "Abu Dhabi op 29th"]
[Site "Abu Dhabi"]
[Date "2023.08.16"]
[Round "1"]
[White "Vakhidov, Jahongir"]
[Black "Banh, Gia Huy"]
[Result "1-0"]
[WhiteElo "2618"]
[BlackElo "2391"]
[PlyCount "85"]
[EventDate "2023.08.16"]
[EventType "swiss"]
[EventRounds "9"]
[EventCountry "UAE"]
[SourceTitle "EXT 2024"]
[Source "ChessBase"]
[SourceDate "2023.10.10"]
[SourceVersion "1"]
[SourceVersionDate "2023.10.10"]
[SourceQuality "1"]

1. c4 e6 2. Nc3 d5 3. d4 Nf6 4. cxd5 exd5 5. Bg5 c6 6. e3 Be7 7. Bd3 Nbd7 8. h3 h6 9. Bf4 Nb6 10. Nf3 Bd6 11. Ne5 Qe7 12. Bh2 Nfd7 13. f4 Qh4+ 14. Kd2 Qf2+ 15. Qe2 Qxe2+ 16. Kxe2 0-0 17. Rac1 Re8 18. g4 f6 19. Nf3 Nf8 20. Kf2 Bd7 21. Rhe1 Rad8 22. Bg3 Re7 23. e4 dxe4 24. Nxe4 Bb4 25. Re2 f5 26. gxf5 Bxf5 27. Bh4 Nd5 28. Bxe7 Bxe7 29. Bc4 Bxh3 30. Neg5 hxg5 31. Rxe7 Be6 32. Rxb7 gxf4 33. Ne5 Ne3 34. Bxe6+ Nxe6 35. Nxc6 Re8 36. Rg1 g5 37. d5 Nxd5 38. Rxa7 Rc8 39. Rc1 Kf8 40. Rh7 Nf6 41. Rh8+ Ng8 42. Rxg8+ Kxg8 43. Ne7+ 1-0

[Event "Dubai op-A 23rd"]
[Site "Dubai"]
[Date "2023.05.28"]
[Round "2"]
[White "Vakhidov, Jahongir"]
[Black "Injac, Teodora"]
[Result "1-0"]
[WhiteElo "2607"]
[BlackElo "2402"]
[PlyCount "67"]
[EventDate "2023.05.27"]
[EventType "swiss"]
[EventRounds "9"]
[EventCountry "UAE"]
[SourceTitle "CBM 214 Extra"]
[Source "ChessBase"]
[SourceDate "2023.07.31"]
[SourceVersion "1"]
[SourceVersionDate "2023.07.31"]
[SourceQuality "1"]

1. c4 c6 2. d4 d5 3. cxd5 cxd5 4. Bf4 Nc6 5. e3 Nf6 6. Bd3 Bg4 7. f3 Bh5 8. Qb3 Qd7 9. Nc3 e6 10. Bb5 Be7 11. Rc1 0-0 12. Na4 Rfc8 13. Nc5 Qd8 14. Nxb7 Qb6 15. Bxc6 Rxc6 16. Rxc6 Qxc6 17. Ne2 a5 18. Nc5 Bxc5 19. dxc5 Nd7 20. 0-0 e5 21. Bg3 f6 22. Rc1 Rb8 23. Nd4 Rxb3 24. Nxc6 Rxb2 25. a4 Kf7 26. Na7 Rb4 27. c6 Nb6 28. Be1 Rxa4 29. c7 Ke6 30. c8Q+ Nxc8 31. Nxc8 Ra3 32. Rc7 f5 33. Bc3 Kf6 34. f4 1-0

[Event "Astana Satty Zhuldyz Blitz"]
[Site "Astana"]
[Date "2023.04.25"]
[Round "15"]
[White "Aronian, Levon"]
[Black "Vakhidov, Jahongir"]
[Result "1-0"]
[WhiteElo "2745"]
[BlackElo "2607"]
[PlyCount "87"]
[EventDate "2023.04.24"]
[EventType "tourn (blitz)"]
[EventRounds "22"]
[EventCountry "KAZ"]
[EventCategory "17"]
[SourceTitle "CBM 213 Extra"]
[Source "ChessBase"]
[SourceDate "2023.05.31"]
[SourceVersion "1"]
[SourceVersionDate "2023.05.31"]
[SourceQuality "1"]

1. e4 c5 2. Nf3 g6 3. c4 Bg7 4. d4 cxd4 5. Nxd4 Nc6 6. Nc2 d6 7. Be2 Nh6 8. g4 Ng8 9. Nc3 Bxc3+ 10. bxc3 Be6 11. Rb1 Qc8 12. Nd4 Nd8 13. f3 Nf6 14. Bh6 Rg8 15. h4 Nd7 16. Qa4 a6 17. Kf2 b5 18. cxb5 axb5 19. Qb4 Rxa2 20. Ra1 Rxa1 21. Rxa1 Bc4 22. Nxb5 Bxe2 23. Ra8 Qc6 24. Kxe2 f5 25. Qb3 Rf8 26. Qa4 fxe4 27. Bxf8 exf3+ 28. Kf2 Qc5+ 29. Nd4 Qe5 30. Rxd8+ Kf7 31. Qxd7 Qh2+ 32. Kxf3 Qh1+ 33. Ke3 Qg1+ 34. Kd3 Qf1+ 35. Kc2 Qg2+ 36. Kb3 Qd5+ 37. Ka3 Qa5+ 38. Qa4 Qxd8 39. Qc4+ d5 40. Qf1+ Kg8 41. Bh6 Qa5+ 42. Kb2 Qd8 43. Ne6 Qb6+ 44. Kc2 1-0

[Event "Astana Satty Zhuldyz Blitz"]
[Site "Astana"]
[Date "2023.04.25"]
[Round "19"]
[White "Hou, Yifan"]
[Black "Vakhidov, Jahongir"]
[Result "0-1"]
[WhiteElo "2628"]
[BlackElo "2607"]
[PlyCount "71"]
[EventDate "2023.04.24"]
[EventType "tourn (blitz)"]
[EventRounds "22"]
[EventCountry "KAZ"]
[EventCategory "17"]
[SourceTitle "CBM 213 Extra"]
[Source "ChessBase"]
[SourceDate "2023.05.31"]
[SourceVersion "1"]
[SourceVersionDate "2023.05.31"]
[SourceQuality "1"]

1. e4 c5 2. Nf3 g6 3. d4 cxd4 4. Nxd4 Bg7 5. c4 Nc6 6. Be3 Qb6 7. Nb3 Qd8 8. Qd2 Nf6 9. f3 d6 10. Nc3 0-0 11. Nd4 Nxd4 12. Bxd4 Be6 13. Be2 Qa5 14. b3 a6 15. a4 Nd7 16. Bxg7 Kxg7 17. Rb1 Qb6 18. Bd1 f5 19. Bc2 Rac8 20. Qf2 Qxf2+ 21. Kxf2 Bxc4 22. bxc4 Rxc4 23. Rxb7 Rxc3 24. Bb1 Nc5 25. Rxe7+ Kf6 26. Rxh7 fxe4 27. Rd1 e3+ 28. Ke2 Rb8 29. Rxd6+ Ke5 30. Rd1 Rb2+ 31. Ke1 Rxg2 32. Re7+ Kf6 33. Re8 Rb3 34. Be4 Rbb2 35. Rd6+ Kf7 36. Bxg6+ 0-1